000 01129nam a2200241 a 4500
003 BD-DhJNU
005 20260426054528.0
008 260508s2018 bg |||g |||| 000 1|ben|d
020 _a9789840502929
040 _aBD-DhJNU
_bben
_cBD-DhJNU
_dBD-DhJNU
041 _aben
082 _a330.954 ISB
_223
100 _aইসলাম, নুরুল
245 1 0 _aবাংলাদেশ :
_bজাতি গঠনকালে এক অর্থনীতিবিদের কিছু কথা /
_cনুরুল ইসলাম
246 _aBangladesh: jati gathonkale ek orthonoitibider kisu kotha
250 _a1st ed.
260 _aঢাকা :
_bদি ইউনিভার্সিটি প্রেস লিমিটেড,
_c2018.
300 _a২৪৩ পৃ. :
_bচিত্র ;
_c২২ সেমি.।
504 _aগ্রন্থপঞ্জিগত নির্দেশিকা ও নিঘন্ট অন্তভূক্ত
650 _aবাংলাদেশ -- অর্থনৈতিক অবস্থা
650 _aBangladesh -- Economic conditions
942 _cBK
999 _c2726
_d2726